Los Andes dijeron ¡no! / (Record no. 63456)

MARC details
000 -LEADER
campo de control de longitud fija 00601nam a2200169 i 4500
001 - NÚMERO DE CONTROL
campo de control 63456
003 - IDENTIFICADOR DE NÚMERO DE CONTROL
campo de control ES-MaACL
005 - FECHA Y HORA DE LA ÚLTIMA TRANSACCIÓN
campo de control 20230906164856.0
007 - CAMPO FIJO DE DESCRIPCIÓN FÍSICA--INFORMACIÓN GENERAL
campo de control de longitud fija t|
008 - DATOS DE LONGITUD FIJA--INFORMACIÓN GENERAL
campo de control de longitud fija 031210m19681970sp ||||1| spa d
100 1# - ENTRADA PRINCIPAL--NOMBRE DE PERSONA
Nombre de persona Ferrer Gutierrez, Virgilio.
9 (RLIN) 50469
245 14 - MENCIÓN DEL TÍTULO
Título Los Andes dijeron ¡no! /
Mención de responsabilidad, etc. Virgilio Ferrer Gutierrez.
260 ## - PUBLICACIÓN, DISTRIBUCIÓN, ETC.
Lugar de publicación, distribución, etc. Madrid :
Nombre del editor, distribuidor, etc. [s.n.,
Fecha de publicación, distribución, etc. 1968-1970] (
Fabricante Imp. Erma)
300 ## - DESCRIPCIÓN FÍSICA
Extensión 3 v. ;
Dimensiones 21 cm.
505 8# - NOTA DE CONTENIDO CON FORMATO
Nota de contenido con formato Contiene: T.1: Los Andes dijeron ¡no!. -- T.2: La Tricontinental : foco de subversión mundial. -- T.3: El Ché que nunca existió
852 ## - LOCALIZACIÓN
Ubicación ES-MaACL
Número de control de estantería C-38130-32
Sublocalización o colección R.67772
Holdings
Estatus retirado Estado de pérdida Estado de daño No para préstamo Biblioteca de origen Biblioteca actual Ubicación en estantería Fecha de adquisición Fuente de adquisición Total de préstamos Signatura topográfica completa Código de barras Visto por última vez Precio de reemplazo Tipo de ítem Koha
        Biblioteca del Ateneo de Madrid Biblioteca del Ateneo de Madrid Depósito 2 17/01/2008     C-38130-32 1066513 23/02/2023 23/02/2023 Libro impreso